Egypt : paintings from tombs and temples /

Bibliographic Details
Corporate Authors: Unesco, New York Graphic Society
Other Authors: Vandier, Jacques, 1904-1973
Format: Book
Language:English
Published: [Greenwich, Conn.] : New York Graphic Society, [1954]
Series:UNESCO world art series, 2
Subjects:

MARC

Tag First Indicator Second Indicator Subfields
LEADER 00000cam a22000001 4500
001 in00000021212
005 20151007061016.0
008 790723s1954 ctuaf 00000 eng
010 |a  54013079  
035 |a (OCoLC)01576952 
035 |9 AAD0825AM 
040 |a DLC  |c DLC  |d TXA  |d UtOrBLW 
043 |a f-ua--- 
049 |a TXAS  |c [247566] 
050 0 |a ND75  |b .U5 
082 0 |a 759.932 
090 |a ND75  |b .U5 1954 
092 |a 759.932  |b U575e 
110 2 |a Unesco. 
245 1 0 |a Egypt :  |b paintings from tombs and temples /  |c Introd. by Jacques Vandier. 
264 1 |a [Greenwich, Conn.] :  |b New York Graphic Society,  |c [1954] 
300 |a 10 pages :  |b illustrations, 32 color plates. ;  |c 48 cm. 
336 |a text  |b txt  |2 rdacontent 
337 |a unmediated  |b n  |2 rdamedia 
338 |a volume  |b nc  |2 rdacarrier 
490 0 |a UNESCO world art series, 2 
500 |a Material assembled by experts from UNESCO and the New York Graphic Society. 
650 0 |a Painting, Egyptian. 
700 1 |a Vandier, Jacques,  |d 1904-1973. 
710 2 |a New York Graphic Society. 
999 |a MARS 
999 f f |s aca022a0-fea9-3d1e-b3b0-039817003ae8  |i 36e74720-e4ea-3451-96bb-351a7fd793c6  |t 0 
952 f f |p noncirc  |a Texas A&M University  |b College Station  |c Cushing Memorial Library & Archives  |s cush rare  |d Cushing: Rare Books (Does not check out)  |t 0  |e ND75 .U5 1954  |f 2X Oversize  |h Library of Congress classification  |i unmediated -- volume 
998 f f |a ND75 .U5 1954  |t 0  |l Cushing: Rare Books (Does not check out)